000 00568cam a22002053a 4500
001 44632
003 PGUSA
005 20140828084023.0
008 140109s2014||||xxu|||||s|||||000 | eng d
040 _aPGUSA
_beng
042 _adc
100 1 _aFreeman, Lewis Ransome
245 1 0 _aHell's Hatches
_h[electronic resource] /
_cLewis Ransome Freeman
260 _bProject Gutenberg,
_c2014
506 _aPublic domain in the USA.
516 _aElectronic text
830 0 _aProject Gutenberg
_v44632
856 4 0 _uhttp://www.gutenberg.org/ebooks/44632
942 _cEB
999 _c273883
_d273883